|
|
|
|
| LEADER |
00000nab a2200000 a 4500 |
| 001 |
vtls008938342 |
| 003 |
SK-MaSNL |
| 005 |
20260303071251.0 |
| 008 |
070123c20061002xo dr n 000 00slo |
| 038 |
|
|
|a SVKPOCL
|
| 040 |
|
|
|a SVKPOCL
|b slo
|c AACR2
|e AACR2
|
| 041 |
|
|
|a slo
|
| 044 |
|
|
|a xo
|c SK
|
| 080 |
|
|
|a 614.253.5:061.2:061.3
|2 2001
|
| 080 |
|
|
|a 061.3
|2 2001
|
| 245 |
0 |
0 |
|a Na Cypre nás prijali
|b Slovenská republika vstúpila do Európskej asociácie pôrodných asistentiek
|c text a foto: (mig)
|
| 300 |
|
|
|a Fotogr.
|
| 600 |
1 |
7 |
|a Andraščíková, Štefánia,
|d 1963-
|2 svkpocl
|9 194443
|
| 610 |
2 |
7 |
|a Slovenská komora zdravotných sestier a pôrodných asistentiek
|2 svkpocl
|9 1069738
|
| 610 |
2 |
7 |
|a Európska asociácia pôrodných asistentiek
|b Valné zhromaždenie
|d 2006
|2 snkbucl
|9 1069739
|
| 650 |
0 |
7 |
|a kongresy
|y 2006
|z Larnaka (Cyprus)
|2 svkpocl
|9 1069740
|
| 651 |
|
7 |
|a Prešov (Slovensko)
|2 svkpocl
|9 17347
|
| 773 |
0 |
|
|t Prešovský večerník
|g Roč. XVII, č. 4050 (2.10.2006), s. 8
|x 1336-4030
|
| 852 |
|
|
|a SVKPO
|b KIS3GCP
|
| 856 |
4 |
1 |
|u www.vecernik.po.sk
|
| 958 |
|
|
|a RG
|
| 999 |
|
|
|c 1759089
|d 1761019
|